| 000 | 00444nam a2200169 a 4500 | ||
|---|---|---|---|
| 001 | 0000-8707 | ||
| 003 | ELIB.Books | ||
| 008 | 110520 1933 | ||
| 035 | _a(ELIB.Books)0000-8853 | ||
| 082 |
_a211 _bHor |
||
| 100 | _aHorton, Walter Marshall | ||
| 245 | _aTheism and the Scientific Spirit | ||
| 260 |
_bNew York: Harper and Brothers Publishers _c1933 |
||
| 650 | _aGod | ||
| 942 |
_2ddc _cBK |
||
| 998 |
_cbat _e2011-05-20 |
||
| 999 |
_c8707 _d8707 |
||